[Event "Wch U20 Girls 33rd"]
[Site "Khanty-Mansiysk"]
[Date "2015.09.13"]
[Round "11"]
[White "Barbier, Astrid"]
[Black "Badamkhand, Norovsambuu"]
[Result "1/2-1/2"]
[WhiteElo "1835"]
[BlackElo "2001"]
[PlyCount "67"]
[EventDate "2015.09.02"]
[EventType "swiss"]
[EventRounds "13"]
[EventCountry "RUS"]
[SourceTitle "EXT 2016"]
[Source "ChessBase"]
[SourceDate "2015.10.08"]
[SourceVersion "1"]
[SourceVersionDate "2015.10.08"]
[SourceQuality "1"]

1. e4 c6 2. d4 d5 3. exd5 cxd5 4. Bd3 Nf6 5. c3 Nc6 6. Bf4 Bg4 7. Qb3 Qd7 8. Nd2 e6 9. h3 Bh5 10. Ngf3 a6 11. Ne5 Qc8 12. Ndf3 Bxf3 13. Nxf3 Be7 14. Qc2 b5 15. 0-0 0-0 16. Ne5 Qb7 17. Bg5 h6 18. Be3 Rfc8 19. Qe2 Nxe5 20. dxe5 Nd7 21. f4 Bc5 22. Kh2 Bxe3 23. Qxe3 Qc7 24. Rac1 Qc5 25. Qd2 Rc7 26. Rce1 Re8 27. Rf3 Nb6 28. Rg3 Kf8 29. Qe2 Qe7 30. Qg4 f5 31. exf6 Qxf6 32. Rge3 Rc6 33. Qg3 Nd7 34. Qg4 1/2-1/2

[Event "Wch U20 Girls 33rd"]
[Site "Khanty-Mansiysk"]
[Date "2015.09.07"]
[Round "6"]
[White "Musaeva, Shakhnazi"]
[Black "Badamkhand, Norovsambuu"]
[Result "0-1"]
[WhiteElo "1586"]
[BlackElo "2001"]
[PlyCount "142"]
[EventDate "2015.09.02"]
[EventType "swiss"]
[EventRounds "13"]
[EventCountry "RUS"]
[SourceTitle "EXT 2016"]
[Source "ChessBase"]
[SourceDate "2015.10.08"]
[SourceVersion "1"]
[SourceVersionDate "2015.10.08"]
[SourceQuality "1"]

1. e4 c6 2. d4 d5 3. e5 Bf5 4. h4 h6 5. g4 Bd7 6. Nc3 Qb6 7. a3 e6 8. Be3 c5 9. dxc5 Bxc5 10. Bxc5 Qxc5 11. Nf3 Ne7 12. Qd2 Nbc6 13. 0-0-0 a6 14. Bd3 b5 15. g5 h5 16. Qe3 Qa7 17. Qxa7 Rxa7 18. Rhg1 g6 19. Rge1 Nc8 20. Kd2 Nb6 21. Ke2 Ke7 22. Kf1 Rb8 23. b3 Rc7 24. Ne2 Nc8 25. Nf4 a5 26. Rd2 b4 27. a4 Nb6 28. Ne2 Bc8 29. Ned4 Nxd4 30. Nxd4 Rc5 31. Nb5 Nd7 32. Nd6 Rb6 33. Nb5 Ba6 34. Nd4 Rc8 35. Bxa6 Rxa6 36. Nb5 Rc5 37. Re3 Rac6 38. Nd4 Rc8 39. f3 Nb8 40. Ke2 Nd7 41. Kd1 Kf8 42. Rde2 Nb6 43. Rd2 Ke7 44. Ke1 Kd7 45. Kd1 Kc7 46. Rdd3 Nd7 47. Rd2 Kb6 48. Nb5 R8c6 49. Nd4 Rc3 50. Ree2 Rc8 51. Ke1 Nb8 52. Kf2 Nc6 53. Nb5 Rc5 54. Ke1 Ne7 55. Nd6 Rf8 56. Re3 Nf5 57. Nxf5 gxf5 58. f4 Rfc8 59. Rg3 Rxc2 60. g6 Rc1+ 61. Ke2 fxg6 62. Rxg6 R8c6 63. Rh6 Rh1 64. Rxh5 Rcc1 65. Kf3 Rh3+ 66. Kg2 Rch1 67. Rf2 Rxh4 68. Rxh4 Rxh4 69. Kg3 Rg4+ 70. Kh2 d4 71. Rf3 Kc5 0-1